000 00890nam a2200205 a 4500
001 43121
005 20180714021531.0
008 140415s1992 sp 000 0 spa d
020 _a8432129232
041 _aspa
082 _a110
_bFOR
100 1 _aForment Giralt, Eudaldo,.
245 1 0 _aLECCIONES DE METAFISICA
250 _a1a ed.
260 _aESPAÑA :
_bRIALP,
_c1992
300 _a374
_cx 16 x 23
520 _aES UN MANUAL UNIVERSITARIO DEDICADO AL ESTUDIO PORMENORIZADO DE LAS CUESTIONES CENTRALES DE LA METAFISICA. SU ELABORACION HA SIDO ORIENTADA SEGUN LAS DIRECTRICES DEL NUEVO PLAN DE ESTUDIOS DE LAS FACULTADES DE FILOSOFIA Y LETRAS. LA METAFISICA ES UNA MATERIA TRONCAL CUYO CONTENIDO DEBE ARTICULARSE COMO UN ESTUDIO HISTORICO Y SISTEMATICO DE LAS GRANDES INTERPRETACIONES DEL MUNDO.
650 1 4 _aMETAFISICA
700 1 _aLOBATO, ABELARDO
_epról.
999 _c43121
_d43121